| 000 | 00598nam a2200205Ia 4500 | ||
|---|---|---|---|
| 003 | GCL | ||
| 008 | 140319s9999 xx 000 0 ara d | ||
| 020 | _a3069408977 | ||
| 040 |
_aGCL / _cGCL |
||
| 082 | 0 | 4 |
_a810.8 _bم ع |
| 100 | 1 | _aمصطفى محمود | |
| 245 | 1 | 0 |
_aكلمة السر / _cمصطفى محمود |
| 260 |
_aالقاهرة : _bدار اخبار اليوم ، _c1998 |
||
| 300 |
_a158 ص ؛ _c15 سم |
||
| 490 |
_aكتاب اليوم _v0 |
||
| 650 | 0 | 4 | _aالادب العربى |
| 650 | 0 | 4 | _aالاسلام |
| 650 | 0 | 4 | _aالمقالات العربية |
| 942 |
_2ddc _cBK |
||
| 999 |
_c59725 _d59725 |
||